| 000 | 00635nam a22001937a 4500 | ||
|---|---|---|---|
| 001 | 3218 | ||
| 003 | FISKH | ||
| 005 | 20240220114009.0 | ||
| 008 | 240220b cb ||||| |||| 00| 0 eng d | ||
| 040 |
_aFISKH _beng _cFISKH _dFISKH |
||
| 050 | _aPZ7.E1978 | ||
| 082 | _a813 | ||
| 100 |
_aEckert. Allan W. _d1931- 2011 |
||
| 245 |
_aIncident at the hawk's hill / . _cBy Allan W. Eckert |
||
| 260 |
_aLondon : _bHamish Hamilton Children's Books Ltd _c1971 |
||
| 300 |
_a148 pages : _c23 cm |
||
| 520 | _aA shy, lonely six-year-old wanders into the Canadian prairie and spends a summer under the protection of a badger. | ||
| 942 |
_2ddc _cBK _n0 |
||
| 999 |
_c3218 _d3218 |
||